| 000 | 00807nam a22001935i 4500 | ||
|---|---|---|---|
| 001 | 167496 | ||
| 003 | ES-MaACL | ||
| 005 | 20250814063251.0 | ||
| 008 | 960320s1879 sp |||| | spa d | ||
| 040 |
_aCLM _bspa _cCCPB | SIC |
||
| 100 | 1 |
_aVieyra de Abreu, Carlos, _d1854-1918 _9114608 |
|
| 245 | 1 | 0 |
_aRafael Sanzio _b: discurso de Carlos Vieyra de Abreu al ingresar en la Real Academia Raffaello de Urbano. |
| 260 |
_aMadrid : _b[s.n.], _c1879 ( _fTipografĂa Estereotipia Pergo) |
||
| 300 |
_a13 p. ; _c24 cm. |
||
| 600 | 0 | 4 |
_aRaffaello, _d1483-1520 _9222299 |
| 710 | 2 |
_aReal Academia Raffaello de Urbino. _9134780 |
|
| 852 |
_aES-MaACL _jT-318-F-2 _z-- Enc. hol., falto de la enc. original _z-- Ded. ms. del autor al Ateneo de Madrid _z-- Enc. en un vol. facticio |
||
| 999 |
_c167496 _d167496 |
||